Chiroptères - Statistiques

Statistiques générales
  • Ce quiz a été pris 12 fois
  • Le résultat moyen est 8 sur 15
Statistiques - réponses
Question Réponse % Correct
Où se trouve la Sérotine bicolore ?
91%
Où se trouve le Molosse de Cestoni ?
91%
Qui n'est pas un Myotis (Murin) ?
82%
Qui n'est pas une sérotine ?
82%
Qui n'est pas un Rhinolophe ?
73%
Où se trouve l'Oreillard montagneux ?
64%
De quelle famille font parti les sérotines communes ? Vespertillionidés
64%
De quelle famille font parti les pipistrelles communes ? Vespertillionidés
55%
Où se trouve le minioptère de Schreibers
45%
Où se trouve le Grand murin ?
36%
Où se trouve le petit Rhinolophe ?
36%
Où se trouve la pipistrelle pygmée ?
36%
Qui est Rhinolophus hipposideros ? Petit Rhinolophe
36%
Où se trouve la pipistrelle de Kuhl ?
9%
Qui est Myotis punicus ? Murin du Maghreb
9%
Aucun quiz correspondant
Distribution des résultats
% des personnes avec chaque résultat
Percentile par nombre de réponses
Votre historique - résultats
Vous n’avez pas pris ce quiz